BLACKPINK - Paroles GO - Statistiques

Statistiques générales
  • Ce quiz a été pris 63 fois
  • Le résultat moyen est 198 sur 275
Statistiques - réponses
Hint Réponse % Correct
I
98%
mission,
98%
mission)
98%
(Mission)
98%
a
95%
(Ah,
95%
ah,
95%
ah)
95%
Couplet 2 Go
95%
Refrain Go
95%
go
95%
go,
95%
Oh,
95%
control
93%
Couplet 1 I'm
93%
(I'm
93%
on
93%
so
93%
ya
93%
ya)
93%
to
91%
Intro You
91%
you,
91%
you
91%
body,
89%
Outro BLACKPINK,
86%
BLACKPINK
86%
BLACKPINK'll
86%
(BLACKPINK'll
86%
in
86%
in,
86%
the
86%
your
86%
Your
86%
want
84%
when
84%
when,
84%
Bridge When
84%
angel,
82%
be
82%
number
82%
say
82%
soul
82%
it,
80%
it
80%
my
80%
My
80%
one
80%
rescue,
80%
gonna
77%
kingdom
77%
of,
77%
of
77%
beat
75%
come
75%
drum
75%
make
73%
call
70%
get
70%
Get
70%
blow
68%
'Cause
66%
it's
66%
Pré-refrain March
66%
position,
66%
move
64%
no
64%
no,
64%
baby
61%
dance
61%
Here
61%
Hold
59%
is
59%
only
59%
broken,
57%
heart
57%
you're
57%
Darkness
52%
frozen,
52%
do
50%
guardian
50%
open,
50%
edge
48%
keep
48%
town
48%
alone
45%
down
45%
me
45%
me,
45%
slow
45%
Try
45%
could
43%
let
43%
all
41%
and
41%
gone
41%
gold
39%
medal
39%
stop
39%
turn
39%
"What
39%
can
36%
Never
36%
Or
36%
floor,
34%
know
34%
need
34%
reckless,
34%
wrong?"
34%
second,
32%
stone
32%
I'ma
30%
jams
30%
Love
30%
off,
30%
crew
27%
for
27%
ready?
27%
Ready?
27%
tell
27%
up
27%
walls
27%
goin'
25%
like,
25%
settle
25%
speakers
25%
too
25%
wanna
25%
with
23%
if
20%
should
20%
they
20%
through
20%
Bumpin'
18%
whole
18%
that's
16%
then
16%
Aucun quiz correspondant
Distribution des résultats
% des personnes avec chaque résultat
Percentile par nombre de réponses
Votre historique - résultats
Vous n’avez pas pris ce quiz